Ils ont joué pour... Olympique lyonnais (Mort subite) - Statistiques

Statistiques générales
  • Ce quiz a été pris 2 045 fois
  • Le résultat moyen est 8 sur 11
Answers on the Grid
Answers color-coded by a green-red scale on the quiz's grid according to % correct below.
Karim Benzema
Sonny Anderson
Aurélien Tchouaméni
Ludovic Giuly
Didier Drogba
Claude Makélélé
Mikaël Silvestre
Yoann Gourcuff
Didier Deschamps
Laurent Blanc
Dante
Pauleta
Zlatan Ibrahimovic
Thierry Henry
Grégory Coupet
Juninho
Fleury Di Nallo
Serge Chiesa
Bafétimbi Gomis
Radamel Falcao
Lisandro López
Edinson Cavani
Dominique Rocheteau
Alexandre Lacazette
 
Statistiques - réponses
Réponse % Correct
Karim Benzema
99%
Sonny Anderson
88%
Yoann Gourcuff
76%
Juninho
72%
Alexandre Lacazette
71%
Grégory Coupet
70%
Bafétimbi Gomis
69%
Ludovic Giuly
68%
Lisandro López
67%
Fleury Di Nallo
58%
Serge Chiesa
51%
Aucun quiz correspondant
Distribution des résultats
% des personnes avec chaque résultat
Percentile par nombre de réponses
Votre historique - résultats
Vous n’avez pas pris ce quiz